LEADER 01133nam0 22003011i 450 001 SUN0018291 005 20050228120000.0 010 $a88-07-81469-2 100 $a20040622d1998 |0itac50 ba 101 $aita 102 $aIT 105 $a|||| ||||| 200 1 $aˆUn ‰genitore quasi perfetto$fBruno Bettelheim$gtraduzione di Adriana Bottini 210 $aMilano$cFeltrinelli$d1998 215 $a454 p.$d19 cm. 454 1$1001SUN0077970$12001 $aˆA ‰good enough parent$913452 606 $aPuericoltura$2FI$3SUNC009036 620 $dMilano$3SUNL000284 676 $a649.1$v21 700 1$aBettelheim$b, Bruno$3SUNV014311$0126586 702 1$aBottini$b, Adriana$3SUNV010915 712 $aFeltrinelli$3SUNV000132$4650 801 $aIT$bSOL$c20181109$gRICA 912 $aSUN0018291 950 $aUFFICIO DI BIBLIOTECA DEL DIPARTIMENTO DI PSICOLOGIA$d16 CONS 1467 $e16 VS 1712 995 $aUFFICIO DI BIBLIOTECA DEL DIPARTIMENTO DI PSICOLOGIA$bIT-CE0119$gVS$h1712$kCONS 1467$oc$qa 996 $aGood enough parent$913452 997 $aUNICAMPANIA LEADER 01369nam 2200373Ia 450 001 996393485803316 005 20200824132045.0 035 $a(CKB)4940000000118111 035 $a(EEBO)2240902415 035 $a(OCoLC)ocm18283616e 035 $a(OCoLC)18283616 035 $a(EXLCZ)994940000000118111 100 $a19880728d1660 uy | 101 0 $aeng 135 $aurbn||||a|bb| 200 12$aA divine prospective$b[electronic resource] $erepresenting the just mans peacefull end : in a funerall sermon preached at Katherine Creechurch, Aug. 14, 1649, at the enterment of the remaines of the Right Worshipful and truly religious, Sir John Gayr, Knight : deceased July 20, 1649 /$fby Nathaniel Hardy .. 210 $aLondon $cPrinted for John Clark, and are to be sold at his shop ...$d1660 215 $a[4], 30 p 300 $aTitle within emblematic mourning border. 300 $aMarginal notes. 300 $aReproduction of original in the British Library. 330 $aeebo-0018 606 $aFuneral sermons 606 $aSermons, English$y17th century 615 0$aFuneral sermons. 615 0$aSermons, English 700 $aHardy$b Nathaniel$f1618-1670.$0821523 801 0$bEAJ 801 1$bEAJ 801 2$bWaOLN 906 $aBOOK 912 $a996393485803316 996 $aA divine prospective$92395299 997 $aUNISA